000 00598nam a2200193Ia 4500
005 20250508155405.0
008 008 250505s9999 xx 000 0 hin d
037 _aBooks to be hide in OPAC
040 _aFEDL
_beng
_cFEDL
041 _ahin
_2eng
084 _a370.19, GAV/O
_qFEDL
100 _aGawakar Gangadhar Ka.
_9766953
245 0 _aUdhyogachey phal (Marathi)
260 _aMumbai, India
_bMumbai Shahar Samaj Shikshan Samiti
_c1947
300 _a32p.
546 _aSamaj shikshan prasar-mala Marathi No. 17
942 _cHB
_h370.19, GAV/O
999 _c1356408
_d1356408